000 00589nam a2200229Ia 4500
003 OSt
005 20220918205506.0
006 a|||||r|||| 00| 0
007 ta
008 220917b |||||||| |||| 00| 0 eng d
024 _a116,757
037 _cTextual
040 _aARTS
_cARTS
_beng
041 _2eng
_aeng
082 _aV5932:41wL91, 113K7
100 _aSilagi D
_9115258
245 0 _aDer grosste ungar
_b Graf Stephen Szechenyi
260 _c1967
650 _aHISTORY
942 _hV5932:41wL91, 113K7
_cTEXL
_2CC
999 _c240078
_d240078